00304nam a22000977a 4500008004100000022001400041040005500055245002500110260005500135310001600190230627b |||||||| |||| 00| 0 eng d a0033-4359 aNational Science LibrarycNational Science Library aHaryana veterinarian aHaryana: bHaryana Agricultural University, c1962 aHalf-yearly